000 01254 a2200193 4500
003 Nust
005 20221026172014.0
040 _cNust
082 _a621.31,DOV
100 _aDover, A. T.
_941356
245 _aTheory and pratice of alteranting currents /
_cA. T. Dover
250 _a3rd ed.
260 _aSir Isaac Pitman
_bLondon
_c1947
300 _a591p
505 _aGeneral Principles And Definitions (Page-1), Forms Of Representation (Page-14), Resistance And Inductance (Page-35), Capacitance And Condensers (Page-49), Power In AC Circuits (Page-66), Series And Parallel Circuits (Page-74), The Single Phase Transformer (Page-143), Polyphase Currents And Systems (Page-173), Transmission Circuits And Their Constants (Page-217), Alternators Single Phase And Polyphase (Page-232), The Polyphase Induction Motor (Page-248), Three Phase Transformers (Page-263), Commercial And Non Sinusoidal Wave Forms (Page-287), Commercial Measuring Instruments (Page-347), Instruments Transformers (Page-404), AC Measurements (Page-415), Calculation Of Three Phase Circuits (Page-441), The Load Diagram For The General Circuit (Page-525).
600 _aA T Dover
_9101454
650 _aTheory and pratice of alteranting currents
_9101455
942 _2ddc
_cBK
999 _c180358
_d180358